| 000 | 01269nam0a2200313 i 4500 | ||
|---|---|---|---|
| 001 | RU\NLR\BIBL_A\010528014 | ||
| 005 | 20240921124331.0 | ||
| 010 |
_a9785990542815 _91000 |
||
| 021 |
_aRU _b2014-66367 _94052 |
||
| 035 | _a(NILC)RuMoRGB-007545247 | ||
| 035 | _a(NLR Aleph) 010528014 | ||
| 090 |
_a10244490 _c10244490 |
||
| 100 | _a20141112d2014 um y0rusy50 ca | ||
| 101 | 0 | _arus | |
| 102 | _aRU | ||
| 105 | _aa|||z|||000yy | ||
| 200 | 1 |
_aАзбука классической гомеопатии _fАнтонина Боровлева |
|
| 210 |
_aМосква _c[б. и.] _d2014 |
||
| 215 |
_a79 с. _cил., портр., табл. _d2 |
||
| 300 | _aНа обороте тит. л. авт. : Антонина Боровлева врач-гомеопат, преп. фак. гомеопатии Соед. Королевства Великобритании и Сев. Ирландии в России | ||
| 606 | 1 |
_aГомеопатия _9928873 _3RU\NLR\AUTH\6623097 |
|
| 686 | 1 | _aР359.18 | |
| 700 | 1 |
_aБоровлева _bА. В. _gАнтонина Владимировна |
|
| 801 | 0 |
_aRU _bРГБ _c20140901 _gRCR |
|
| 801 | 1 |
_aRU _bРГБ _c20140901 _2rusmarc |
|
| 942 | _cBOOK | ||
| 980 | _aNBR | ||